Dôkazné bremeno pri DPH – nález Ústavného súdu SR (IV. ÚS 569/2022-33)

Právne názory na študijné účely obsiahnuté v náleze Ústavného súdu SR vo veci ústavného práva na súdnu ochranu pri odpočte DPH, v ktorej ústavný súd sťažnosti vyhovel.

Enregistré dans:
Détails bibliographiques
Auteur principal: Pastierik, Vladimír
Format: Chapitre de livre
Langue:slovaque
Sujets:
Tags: Ajouter un tag
Pas de tags, Soyez le premier à ajouter un tag!

MARC

LEADER 00000naa a2200000 4500
001 0306328
005 20250120152201.5
041 0 |a slo 
044 |a SK 
245 1 0 |a Dôkazné bremeno pri DPH – nález Ústavného súdu SR (IV. ÚS 569/2022-33)  |c Vladimír Pastierik 
520 |a Právne názory na študijné účely obsiahnuté v náleze Ústavného súdu SR vo veci ústavného práva na súdnu ochranu pri odpočte DPH, v ktorej ústavný súd sťažnosti vyhovel. 
610 2 0 |a súdnictvo 
610 2 0 |a dane z hodnoty pridanej 
610 2 0 |a kontrola daňová 
610 2 0 |a úrady daňové 
610 2 0 |a žaloby 
610 2 0 |a podania súdne 
610 2 0 |a súdy ústavné 
610 2 0 |a právo daňové 
100 1 |a Pastierik, Vladimír